000 00342nab a22001097u 4500
008 130520b2003 xxu||||| |||| 00| 0 spa d
041 _aspa
100 1 _aAbu Sway, Mustafa
_971386
245 0 0 _aFe y política en el islam: ¿qué paradigma?
_cMustafa Abu Sway
773 0 _tConcilium
_gnº302,2003,págs. 85-96
_x0210-1041
_wRev134
942 _cAR
999 _c366201
_d366201